000 00662nam a2200301Ia 4500
005 20260401122234.0
008 008 250103s9999 xx 000 0 eng d
020 _a312011601
037 _aTB
040 _aEDL
040 _beng
040 _cEDL
041 _2eng
041 _aeng
084 _a828.5 REM
084 _qEDL
100 _aRembert, James
_91232998
245 0 _aSwift and the Dialectical Tradition
245 0 _cRembert, James
260 _aNew York
260 _bSt. Martin's Press
260 _c1988
300 _a266p
942 _cTB
942 _h828.5 REM
999 _c1845885
_d1845885